| 000 | 00441nam a2200157 a 4500 | ||
|---|---|---|---|
| 005 | 20140310182410.0 | ||
| 008 | 130829s19uu xx 00 eng d | ||
| 020 | _a0525462252 | ||
| 050 |
_aPZ 17 _b.M659 1926 |
||
| 100 | _aMilnes, A.A. | ||
| 245 |
_aWinnie-the-Pooh and some Bees / _cA.A. Shepard. |
||
| 260 |
_aNew York : _bDutton Children's Books, _c1926. |
||
| 300 |
_a28 p. : _bill. col. ; _c19 cm. |
||
| 942 |
_cBK _2lcc |
||
| 999 |
_c12837 _d12837 |
||